00268nam a2200109Ia 4500008004100000020001800041082001400059100002200073245003500095260001000130500001800140260604s9999 xx 000 0 und d a9789395453288 a808.3 KEL aShree Book Centre 0aMy First Book of Science Facts bSHREE aScience Facts